The champ : (Record no. 1680)

MARC details
000 -LEADER
fixed length control field 01398cam a22002654a 4500
005 - DATE AND TIME OF LATEST TRANSACTION
control field 20250805081341.0
020 ## - INTERNATIONAL STANDARD BOOK NUMBER
International Standard Book Number 9780439930635
040 ## - CATALOGING SOURCE
Original cataloging agency DLC
Transcribing agency DLC
Modifying agency DLC
Language of cataloging eng
050 00 - LIBRARY OF CONGRESS CALL NUMBER
Classification number GV1132.A4
Item number B65 2004
082 00 - DEWEY DECIMAL CLASSIFICATION NUMBER
Classification number 796.83
-- B
Edition number 22
100 1# - MAIN ENTRY--PERSONAL NAME
Personal name Bolden, Tonya
245 14 - TITLE STATEMENT
Title The champ :
Remainder of title the story of Muhammad Ali /
Statement of responsibility, etc. by Tonya Bolden ; illustrated by R. Gregory Christie.
250 ## - EDITION STATEMENT
Edition statement First Edition
260 ## - PUBLICATION, DISTRIBUTION, ETC.
Place of publication, distribution, etc. New York :
Name of publisher, distributor, etc. Scholastic
Date of publication, distribution, etc. 2004
300 ## - PHYSICAL DESCRIPTION
Extent 34 pages :
Other physical details color illustrations ;
Dimensions 29 cm
505 ## - FORMATTED CONTENTS NOTE
Formatted contents note R <br/>
520 ## - SUMMARY, ETC.
Summary, etc. Muhammad Ali is one of the world's best-known figures, and this incredible biography delves into precisely why. From his unlikely beginnings as a skinny, young Cassius Clay learning to box at a local gym to becoming the heavyweight champion of the world at the famous "Rumble in the Jungle," where even the skies let loose with rain right after his victory, Ali has captivated the world. Tonya Bolden's careful research and elegant telling, paired with R. Gregory Christie's incredible paintings, make this a book that will inform and inspire readers of all ages.
521 ## - TARGET AUDIENCE NOTE
Target audience note 760 <br/>
Source Lexile AD
521 ## - TARGET AUDIENCE NOTE
Target audience note R <br/>
Source Raz-Plus <br/>
650 #0 - SUBJECT ADDED ENTRY--TOPICAL TERM
Topical term or geographic name entry element Boxers (Sports)
Geographic subdivision United States
Form subdivision Biography
-- Juvenile literature.
700 1# - ADDED ENTRY--PERSONAL NAME
Personal name Christie, R. Gregory
Dates associated with a name 1971-
Relator term illustrator
906 ## - LOCAL DATA ELEMENT F, LDF (RLIN)
a 7
b cbc
c orignew
d 1
e ecip
f 20
g y-gencatlg
942 ## - ADDED ENTRY ELEMENTS (KOHA)
Source of classification or shelving scheme Dewey Decimal Classification
Koha item type Books
Suppress in OPAC No
999 ## -
-- 1680
-- 1680
Holdings
Withdrawn status Lost status Source of classification or shelving scheme Damaged status Not for loan Collection Home library Current library Shelving location Date acquired Total Checkouts Full call number Barcode Date last seen Date last checked out Copy number Price effective from Koha item type
    Dewey Decimal Classification     Non-Fiction Footprints International School Library Network Toul Tom Poung Campus Footprints International School Library Network Toul Tom Poung Campus TTP Primary Orange Bookshelves 09/14/2023 2 BOL 796.83 GV1132.A4 FIS05540 01/29/2024 01/22/2024 1 09/14/2023 Books
    Dewey Decimal Classification     Non-Fiction Footprints International School Library Network Toul Tom Poung Campus Footprints International School Library Network Toul Tom Poung Campus TTP Primary Orange Bookshelves 09/14/2023 3 BOL 796.83 GV1132.A4 FISSE01688 03/19/2024 03/12/2024 2 09/14/2023 Books
    Dewey Decimal Classification     Non-Fiction Footprints International School Library Network Toul Tom Poung Campus Footprints International School Library Network Toul Tom Poung Campus TTP Primary Orange Bookshelves 09/14/2023 1 BOL 796.83 GV1132.A4 FISTK05538 10/22/2025 10/08/2025 3 09/14/2023 Books
    Dewey Decimal Classification     Non-Fiction Footprints International School Library Network Toul Tom Poung Campus Footprints International School Library Network Toul Tom Poung Campus TTP Primary Orange Bookshelves 08/05/2025   BOL 796.83 GV1132.A4 FISTK05583 08/05/2025   4 08/05/2025 Books